000 00416nam a2200169Ia 4500
008 230524s9999 xx 000 0 und d
020 _a8189757490
082 _a621.3846
_bSHA
100 _aSanjay Sharma
245 0 _aWireless And Cellular Communications
250 _aIST
260 _aNEW DELHI
_bKatson
_c2008
300 _aXXI;823
500 _aQuantity Number: 60
650 _aElectronics
942 _cBK
999 _c41844
_d41844